International economic law
Saved in:
| Main Author: | |
|---|---|
| Format: | Book |
| Language: | English |
| Published: |
<The> Hague
Kluwer Law International
1999
|
| Edition: | 3. rev. ed. |
| Subjects: | |
| Tags: |
No Tags, Be the first to tag this record!
|
MARC
| LEADER | 00000nam$a2200000$$$4500 | ||
|---|---|---|---|
| 001 | 0042046 | ||
| 005 | 20221129101306.0 | ||
| 020 | |a 90-411-1219-7 | ||
| 041 | 0 | |a eng | |
| 044 | |a NL | ||
| 245 | 1 | 0 | |a International economic law |c Ignaz Seidl-Hohenveldern |
| 250 | |a 3. rev. ed. | ||
| 264 | 1 | |a <The> Hague |b Kluwer Law International |c 1999 | |
| 300 | |a 301 s. | ||
| 610 | 2 | 0 | |a zákony ekonomické |
| 610 | 2 | 0 | |a politika medzinárodná |
| 610 | 2 | 0 | |a štát |
| 610 | 2 | 0 | |a podnik multinacionálny |
| 610 | 2 | 0 | |a suverenita |
| 610 | 2 | 0 | |a dohody medzinárodné |
| 610 | 2 | 0 | |a priestor |
| 610 | 2 | 0 | |a hranice štátne |
| 610 | 2 | 0 | |a národnosti |
| 610 | 2 | 0 | |a vzťahy hospodárske medzinárodné |
| 610 | 2 | 0 | |a bilateralita |
| 610 | 2 | 0 | |a diplomacia |
| 610 | 2 | 0 | |a organizácie medzinárodné |
| 610 | 2 | 0 | |a kontrola |
| 610 | 2 | 0 | |a regulácia |
| 610 | 2 | 0 | |a financovanie |
| 610 | 2 | 0 | |a právo hospodárske |
| 610 | 2 | 0 | |a práva ľudské |
| 610 | 2 | 0 | |a právo vlastnícke |
| 610 | 2 | 0 | |a konflikty |
| 610 | 2 | 0 | |a legislatíva |
| 610 | 2 | 0 | |a ochrana právna |
| 610 | 2 | 0 | |a integrácia ekonomická medzinárodná |
| 610 | 2 | 0 | |a obchod zahraničný |
| 100 | 1 | |a Seidl-Hohenveldern, Ignaz | |